| Tag |
First Indicator |
Second Indicator |
Subfields |
| LEADER |
00000cam a2200000Mi 4500 |
| 001 |
in00005619921 |
| 006 |
m o d |
| 007 |
cr un||||||||| |
| 008 |
250129s2025 enka fo 000 0 eng d |
| 005 |
20250311163023.9 |
| 035 |
|
|
|a (OCoLC)on1493857702
|
| 040 |
|
|
|a SGPBL
|b eng
|e rda
|e pn
|c SGPBL
|d OCLCO
|
| 019 |
|
|
|a 1493858659
|
| 020 |
|
|
|a 9781036213404
|q SAGE Research Methods: Business
|
| 020 |
|
|
|a 1036213404
|
| 035 |
|
|
|a (OCoLC)1493857702
|z (OCoLC)1493858659
|
| 050 |
|
4 |
|a HD30.23
|b .M57 2025
|
| 082 |
0 |
4 |
|a 658.403
|
| 049 |
|
|
|a TXAM
|
| 100 |
1 |
|
|a Mishra, Vinaytosh,
|e author.
|
| 245 |
1 |
0 |
|a How to use systems thinking in business decision-making /
|c Vinaytosh Mishra.
|
| 264 |
|
1 |
|a London :
|b SAGE Publications Ltd,
|c 2025.
|
| 300 |
|
|
|a 1 online resource :
|b illustrations
|
| 336 |
|
|
|a text
|b txt
|2 rdacontent
|
| 337 |
|
|
|a computer
|b c
|2 rdamedia
|
| 338 |
|
|
|a online resource
|b cr
|2 rdacarrier
|
| 520 |
8 |
|
|a This guide probes into the multifaceted discipline of systems thinking, tracing its origins and evolution within the business domain. The first section provides a comprehensive introduction, defining system thinking and outlining its historical development. It highlights key principles and foundational concepts for understanding how systems thinking applies to business environments. The second section focuses on the nature of complex systems, discussing feedback loops and system dynamics that characterize such systems. It introduces causal loop diagrams for visualizing interactions, dependencies, and various systems thinking tools and techniques. The third section explores the practical application of systems thinking through systems archetypes in business analysis. The fourth section examines emerging trends and technologies, particularly the integration of artificial intelligence (AI) and machine learning with system thinking. It also discusses the concept of digital twins using system dynamics modelling and the role of system thinking in promoting sustainability and corporate social responsibility (CSR). The guide summarizes the impact of systems thinking on decision-making processes, highlighting key takeaways for businesses and researchers.
|
| 588 |
|
|
|a Description based on XML content.
|
| 650 |
|
0 |
|a Decision making
|v Case studies.
|
| 650 |
|
0 |
|a Business planning
|v Case studies.
|
| 650 |
|
6 |
|a Prise de décision
|v Études de cas.
|
| 655 |
|
7 |
|a Electronic books.
|2 local
|
| 856 |
4 |
0 |
|u http://proxy.library.tamu.edu/login?url=https://methods.sagepub.com/how-to-guide/how-to-use-systems-thinking-in-business-decision-making
|z Connect to the full text of this electronic book
|t 0
|
| 955 |
|
|
|a SAGE Research Methods Business
|
| 994 |
|
|
|a 92
|b TXA
|
| 999 |
f |
f |
|s bb0174ed-4c55-4d55-8e3d-3949d787aa49
|i 3a6d27a4-d85d-42ff-9db7-2814f3c1b26a
|t 0
|
| 952 |
f |
f |
|a Texas A&M University
|b College Station
|c Electronic Resources
|d Available Online
|t 0
|e HD30.23 .M57 2025
|h Library of Congress classification
|
| 998 |
f |
f |
|a HD30.23 .M57 2025
|t 0
|l Available Online
|